Sociedades hospitalarias. Costa Rica y la acogida de inmigrantes /

Đã lưu trong:
Chi tiết về thư mục
Tác giả chính: Jiménez Matarrita, Alexander
Tác giả khác: ed.
Định dạng: Texto
Được phát hành: San José: Arlekin
Những chủ đề:
Các nhãn: Thêm thẻ
Không có thẻ, Là người đầu tiên thẻ bản ghi này!

MARC

LEADER 00000 a a2200000 04500
001 31578
003
040
020 |a 9968-834-60-45  
090 |a 199002  
100 |a Jiménez Matarrita, Alexander  
245 |a Sociedades hospitalarias. Costa Rica y la acogida de inmigrantes /  |c Alexander Jiménez Matarrita 
260 |a San José:   |b Arlekin  
300 |a 152 p  
650 |a INMIGRACION  
650 |a IDENTIDAD CULTURAL  
650 |a DISCRIMINACION RACIAL  
650 |a DISCURSOS  
650 |a NACIONALISMO  
650 |a LEGISLACION SOBRE LA INMIGRACION  
700 |a ed.  
999 |c 1976  |d 1976